Catálogo

MORELIA 1880 - 1950 PERMANENCIAS Y TRANSFORMACIONES DE SU ESPACIO CONSTRUIDO (Registro nro. 43049)

Detalles MARC
000 -LEADER
fixed length control field 01053nam a2200181 a 4500
001 - CONTROL NUMBER
control field 43049
005 - DATE AND TIME OF LATEST TRANSACTION
control field 20180714021434.0
008 - FIXED-LENGTH DATA ELEMENTS--GENERAL INFORMATION
fixed length control field 140415s2001 mx 000 0 spa d
041 ## - LANGUAGE CODE
Language code of text/sound track or separate title spa
082 ## - DEWEY DECIMAL CLASSIFICATION NUMBER
Classification number 725.94
Item number TAP
100 1# - MAIN ENTRY--PERSONAL NAME
Personal name TAPIA CHÁVEZ, AIDEÉ
245 10 - TITLE STATEMENT
Title MORELIA 1880 - 1950 PERMANENCIAS Y TRANSFORMACIONES DE SU ESPACIO CONSTRUIDO
250 ## - EDITION STATEMENT
Edition statement 1a ed.
260 ## - PUBLICATION, DISTRIBUTION, ETC.
Place of publication, distribution, etc. MEXICO :
Name of publisher, distributor, etc. UNIVERSIDAD MICHOACANA DE SAN NICOLAS DE HIDALGO,
Date of publication, distribution, etc. 2001
300 ## - PHYSICAL DESCRIPTION
Extent 297
Dimensions x 22 x 28
520 ## - SUMMARY, ETC.
Summary, etc. UNO DE LOS APORTES DE ESTE TRABAJO, ES QUE A TRAVES DEL MISMO SE ENTENDERAN MUCHAS DE LAS PREOCUPANTES SOBRE EL POR QUE DEL ASPECTO ACTUAL DE LA CIUDAD Y DE LA ACTITUD QUE EL MORELIANO HA TENIDO Y TIENE ANTE SU CIUDAD DE ESTILO COLONIAL. POR OTRA PARTE, EL CONOCIEMIENTO HISTORICO DEL HECHO DE ESTUDIO, PERMITE RECONOCER QUE EL VALOR PATRIMONIAL DE LA ARQUITECTURA Y EL URBANISMO DEL PASADO RECIENTE DE CIUDAD DE MORELIA, NO RADICA EN LA TEMPORALIDAD QUE PERTENECE; SINO EN SU CUALIDAD T
650 14 - SUBJECT ADDED ENTRY--TOPICAL TERM
Topical term or geographic name entry element CONSERVACION Y RESTAURACION DE MONUMENTOS
Existencias
Withdrawn status Lost status Source of classification or shelving scheme Damaged status Not for loan Collection code Home library Current library Shelving location Date acquired Source of acquisition Inventory number Total Checkouts Full call number Barcode Date last seen Price effective from Koha item type
    Dewey Decimal Classification     General Biblioteca Karol Wojtyla Biblioteca Karol Wojtyla Sala general 03/12/2013 Compra 151000000000000000027378   725.94 TAP 64855 05/01/2026 03/12/2013 Libro